La existencia humana y el amor : para comprender mejor la encíclica Humanae vitae /

שמור ב:
מידע ביבליוגרפי
מחבר ראשי: Martelet, Gustave (autor)
פורמט: ספר
שפה:ספרדית
יצא לאור: Bilbao, España : Desclée de Brouwer, 1970, c1970
סדרה:(Amor y Vida ; 11)
נושאים:
תגים: הוספת תג
אין תגיות, היה/י הראשונ/ה לתייג את הרשומה!

MARC

LEADER 00000nam^a2200000^a^4500
001 000189547
005 20250521000000.0
009 20260310102418.693
037 |a Acervo ITESO - Biblioteca 
041 |a ESP 
082 |a 176.  |b MAR 
100 |a Martelet, Gustave  |e (autor) 
245 1 3 |a La existencia humana y el amor :  |b para comprender mejor la encíclica Humanae vitae /  |c G. Martelet ; presen. y tr. por Luis Cuéllar. 
264 4 |a Bilbao, España :  |b Desclée de Brouwer,  |c 1970, c1970 
300 |a 184 p. 
336 |a texto  |b txt  |2 rdacontenido 
337 |a sin mediación  |b n  |2 rdamedio 
338 |a volumen  |b nc  |2 rdasoporte 
440 1 |a (Amor y Vida ;  |v 11) 
500 |a Traducción de: L'existence humaine et l'amour 
649 |a XX 
650 |a Amor 
650 |a Matrimonio 
650 |a Control Natal -  |x Aspectos Eticos -  |x Tema Principal 
650 |a Encíclicas -  |x Historia y Crítica 
650 |a Iglesia y Problemas Sociales 
650 |a Política Demográfica 
650 |a Sexualidad 
650 |a Etica Cristiana -  |x Tema Principal 
910 |a Fondo General 
920 |a Impresos - Libros 
930 |a Colección General 
905 |a 101 
901 |a 0500132653  |b IT1  |c ACC  |u 20250521 
902 |a https://opac.biblio.iteso.mx/vufind/Record/000189547